<?xml version="1.0" encoding="UTF-8"?>
<marc:record xmlns:marc="http://www.loc.gov/MARC21/slim">
   <marc:leader>00000nam a2200000 a 4500</marc:leader>
   <marc:datafield ind1="1" ind2=" " tag="100">
      <marc:subfield code="a">Bánffy, Miklós</marc:subfield>
      <marc:subfield code="4">aut</marc:subfield>
      <marc:subfield code="e">Verfasser/-in</marc:subfield>
   </marc:datafield>
   <marc:datafield ind1="0" ind2="0" tag="245">
      <marc:subfield code="a">Verschwundene Schätze</marc:subfield>
   </marc:datafield>
   <marc:datafield ind1="0" ind2="0" tag="245">
      <marc:subfield code="b">Roman</marc:subfield>
   </marc:datafield>
   <marc:datafield ind1="0" ind2="0" tag="245">
      <marc:subfield code="c">Bánffy, Miklós</marc:subfield>
   </marc:datafield>
   <marc:datafield ind1=" " ind2="1" tag="264">
      <marc:subfield code="a">Wien</marc:subfield>
      <marc:subfield code="b">Paul Zsolnay Verlag</marc:subfield>
      <marc:subfield code="c">2013</marc:subfield>
   </marc:datafield>
   <marc:datafield ind1="1" ind2=" " tag="490">
      <marc:subfield code="a">Siebenbürger Geschichte</marc:subfield>
   </marc:datafield>
   <marc:datafield ind1="1" ind2=" " tag="520">
      <marc:subfield code="a">Angaben aus der Verlagsmeldung

Verschwundene Schätze : Roman / von Miklós Bánffy

Der zweite Teil der großen Geschichte von Siebenbürgen vor dem Ersten Weltkrieg nach „Die Schrift in Flammen“, die 2012 erstmals auf Deutsch erschienen ist: Der Erzähler Bánffy, 1921/22 Außenminister von Ungarn, später Staatsangehöriger von Rumänien, schildert die Jahrhundertwende als Zeit sich verschärfender nationaler und sozialer Gegensätze. Der liberale Idealist Bálint Abády verstrickt sich immer tiefer in eine unglückliche Liebesgeschichte; sein Neffe und Freund, der begnadete Musiker László Gyeröffy, geht willentlich und unabwendbar den Weg der Selbstzerstörung. Im Glanz der letzten Jahre der Monarchie taumelt die Welt von gestern ihrem Ende entgegen.
</marc:subfield>
   </marc:datafield>
   <marc:datafield ind1=" " ind2=" " tag="020">
      <marc:subfield code="a">9783552055964</marc:subfield>
      <marc:subfield code="9">9783552055964</marc:subfield>
   </marc:datafield>
   <marc:datafield ind1=" " ind2=" " tag="020">
      <marc:subfield code="a">3552055967</marc:subfield>
      <marc:subfield code="9">3552055967</marc:subfield>
   </marc:datafield>
   <marc:datafield ind1=" " ind2=" " tag="041">
      <marc:subfield code="a">ger</marc:subfield>
   </marc:datafield>
   <marc:datafield ind1=" " ind2=" " tag="300">
      <marc:subfield code="a">573 Seiten</marc:subfield>
   </marc:datafield>
</marc:record>
